| 000 | 00399nom a22001337a 4500 | ||
|---|---|---|---|
| 005 | 20220609154451.0 | ||
| 008 | 190712b xxu||||| |||| 00| 0 spa d | ||
| 041 | _aspa | ||
| 245 | _aKit #5 Heridas varias | ||
| 500 | _aContiene 12 heridas varias. Se prestan para el mismo día, hasta las 7:50 pm | ||
| 650 |
_aMODELOS ANATÓMICOS _963593 |
||
| 650 |
_aSIMULACIÓN DE HERIDAS _963594 |
||
| 942 | _cMA | ||
| 999 |
_c12125 _d12125 |
||